[Event "18th Delhi GM Open 2020"]
[Site "Delhi"]
[Date "2020.01.10"]
[Round "2.2"]
[White "Czebe, Attila"]
[Black "Ponkratov, Pavel"]
[Result "0-1"]
[WhiteElo "2392"]
[BlackElo "2622"]
[Annotator "TA"]
[PlyCount "64"]
[EventDate "2020.01.09"]
[EventType "swiss"]
[EventCountry "IND"]
[SourceTitle "playchess.com"]
[Source "ChessBase"]
[SourceQuality "1"]

{[%evp 15,64,0,11,-10,1,-10,-5,-14,0,1,-6,12,31,-3,-12,-56,16,-114,-102,-123,-89,-100,-37,-44,0,-18,-14,-40,0,0,47,-52,-52,-61,-58,-70,-90,-402,-412,-406,-413,-377,-381,-1635,-1618,-1438,-1388,-12837,-12838,-6740,-6349]} 1. e4 c5 2. Nc3 d6 3. g3 Nc6 4. Bg2 g6 5. Nge2 Bg7 6. O-O e6 7. d3 Nge7 8. Be3 Nd4 9. Qd2 {B26: Closed Sicilian: 3 g3, lines with early Be3} h5 (9... O-O 10. Nd1 Nxe2+ 11. Qxe2 b6 12. Qd2 Bb7 13. Bh6 e5 14. Bxg7 Kxg7 15. Ne3 Qd7 16. f4 f6 17. Rf2 exf4 18. Rxf4 d5 19. Raf1 d4 {1-0 (36) Predke,A (2622)-Le,Q (2714) St Petersburg 2018}) 10. Nd1 h4 11. c3 {The position is equal.} Ndc6 12. Bg5 $146 ({Predecessor:} 12. d4 b6 13. b4 c4 14. d5 exd5 15. exd5 Ne5 16. Bd4 hxg3 17. hxg3 {1-0 (44) Herrera,J (2220)-Arango,S (2056) Bogota 2015}) 12... f6 13. Be3 hxg3 14. hxg3 b6 15. f4 Ba6 ({Black should play} 15... d5 $15) 16. c4 (16. b4 $11 {keeps the balance.}) 16... f5 $17 17. Ndc3 Qd7 18. b3 e5 (18... O-O-O $17 {And now ...d5! would win.} 19. Rac1 Bb7) 19. fxe5 $15 dxe5 20. Bg5 O-O-O $1 21. Nd5 Rdf8 22. a3 f4 {Black wants to play ...Nxd5.} 23. b4 ({White should try} 23. Rae1 $14) 23... Nxd5 $1 24. exd5 {Black must now prevent bxc5.} Qg4 $1 {[%csl LRg3,LRg5][%mdl 64] [#] Double Attack} 25. dxc6 Qxg5 26. b5 $2 {[%mdl 8192]} (26. Rf3 $17 {was the crucial defense.}) 26... Qh5 $19 {...f3! is the strong threat.} 27. Rf3 Qh2+ 28. Kf1 {[%cal Rg3f4]} fxg3 {( -> ...Rxf3+)} 29. Ng1 $2 {[#]} (29. Qe3 e4 30. Rf4 Rxf4+ 31. Nxf4) 29... e4 $1 {[%mdl 576] Discovered Attack. Black is clearly winning.} 30. dxe4 Bd4 31. Qxd4 cxd4 32. Rd1 Rxf3+ {Accuracy: White = 30%, Black = 48%.} 0-1

[Event "18th Delhi GM Open 2020"]
[Site "Delhi"]
[Date "2020.01.10"]
[Round "2.3"]
[White "Karthikeyan, Murali"]
[Black "Eraschenkov, Denis"]
[Result "1/2-1/2"]
[WhiteElo "2606"]
[BlackElo "2370"]
[Annotator "TA"]
[PlyCount "154"]
[EventDate "2020.01.09"]
[EventType "swiss"]
[EventCountry "IND"]
[SourceTitle "playchess.com"]
[Source "ChessBase"]
[SourceQuality "1"]

{[%evp 23,154,14,6,10,6,5,9,2,9,0,0,0,29,24,37,30,17,17,41,10,12,11,12,-7,-7,-11,0,0,0,-21,-22,-45,-8,-16,16,0,0,0,0,-29,-36,-45,-45,-47,-46,-44,-52,-102,-66,-73,-54,-102,-104,-95,-102,-79,-78,-113,-97,-126,-71,-69,-68,-43,-26,-40,-40,-77,-15,-15,-15,-10,0,-8,0,0,0,-2,0,-3,40,40,40,0,0,0,0,0,0,0,0,0,93,93,93,93,93,93,93,93,93,93,93,93,93,93,93,93,112,93,93,93,93,0,93,93,112,112,112,112,112,93,112,93,93,93,112,104,112,104,111,0,112]} 1. Nf3 Nf6 2. c4 g6 3. g3 Bg7 4. Bg2 O-O 5. O-O c6 6. b3 Ne4 7. d4 d5 8. Bb2 Bf5 9. Nbd2 Nd7 10. Nh4 Nxd2 11. Qxd2 Be6 12. Rac1 a5 13. Nf3 {D78: Fianchetto Grünfeld: 6 0-0 c6} (13. cxd5 cxd5 14. Nf3 Nf6 15. Ne5 Ne4 16. Qe3 a4 17. Nd3 axb3 18. axb3 Qb6 19. Nc5 Ra2 20. Bxe4 dxe4 {½-½ (46) Nepomniachtchi,I (2720)-Caruana,F (2805) Dortmund 2015}) 13... Bf5 14. cxd5 cxd5 15. Ne5 a4 $146 ({Predecessor:} 15... Nb6 16. a4 Nc8 17. Rc5 Be6 18. Rfc1 f6 19. Nd3 Bf7 20. Nf4 {½-½ (38) Arkell,K (2521)-Poobalasingam,P (2224) Coulsdon 2009}) 16. h3 ({Don't go for} 16. Bxd5 $2 Nxe5 17. Bg2 (17. dxe5 $2 e6 $19) 17... axb3 $19) 16... axb3 17. axb3 Nxe5 18. dxe5 Be4 19. f3 Bf5 20. g4 Bd7 21. Bd4 e6 22. f4 Re8 23. Qe3 Ra6 24. Qg3 Rc6 25. Rxc6 bxc6 26. Ra1 Bf8 27. Qe3 Qb8 28. Ra7 Bc8 29. Qc3 Qb5 30. Rc7 Bb7 31. e3 {Strongly threatening Bf1.} Bb4 32. Qc2 Re7 33. Bf1 {And now Rxe7 would win.} Qa5 34. Rxe7 Bxe7 35. f5 Qe1 {White must now prevent ...c5!} 36. f6 Bf8 {Threatens to win with ...c5!} 37. Qe2 Qb4 38. Qc2 c5 39. Bc3 Qb6 40. Kf2 d4 41. Bd2 {[#]} Qc6 {[#]} (41... dxe3+ $142 $1 42. Bxe3 Qc6) 42. e4 $1 $17 {[%mdl 512]} Qc7 (42... Qxe4 43. Qxe4) 43. Bf4 Qa5 44. g5 Qa1 45. Bd3 {[#]} Qh1 (45... Ba6 $1 $17) 46. Kg3 $1 $11 Qg1+ 47. Kf3 Qh1+ 48. Kg3 $1 Qg1+ 49. Qg2 Qd1 50. Qc2 $1 $132 {[%cal Rc2d1][%mdl 2048] White has counterplay} Qg1+ 51. Kf3 h6 52. Qc1 Qxc1 53. Bxc1 hxg5 $1 54. Bxg5 $14 {[%mdl 4096] Endgame KBB-KBB} Bc6 55. h4 Kh7 56. Ke2 Bh6 57. Kd2 Bxg5+ (57... Bf8 $11) 58. hxg5 $11 {KB-KB} Kg8 59. Kc2 Kf8 60. Kb2 Bd7 61. Ka3 Be8 62. b4 cxb4+ 63. Kxb4 Bd7 64. Kc5 Ba4 65. Kxd4 Bd1 66. Kc3 Ba4 67. Be2 Bc6 68. Bd3 Ba4 $1 69. Kb4 Bd1 70. Kc5 Bb3 71. Kb5 Bd1 72. Kc6 Bb3 73. Kd7 Ba4+ 74. Kd6 Bb3 75. Bb5 Ba2 76. Bc6 Bb3 77. Bd5 (77. Kc5 $16) 77... Bc2 {Accuracy: White = 53%, Black = 56%.} (77... exd5 $11 {keeps the balance.} 78. exd5 Ke8) 1/2-1/2

[Event "18th Delhi GM Open 2020"]
[Site "Delhi"]
[Date "2020.01.10"]
[Round "2.4"]
[White "Manik, Mikulas"]
[Black "Martinez Alcantara, Jose Eduardo"]
[Result "0-1"]
[WhiteElo "2378"]
[BlackElo "2606"]
[Annotator "TA"]
[PlyCount "58"]
[EventDate "2020.01.09"]
[EventType "swiss"]
[EventCountry "IND"]
[SourceTitle "playchess.com"]
[Source "ChessBase"]
[SourceQuality "1"]

{[%evp 21,58,15,18,3,33,5,32,20,16,12,13,18,21,7,12,0,1,7,29,-61,-54,-60,-45,-66,-58,-56,-65,-125,-139,-139,-143,-143,-135,-161,-161,-161,-161,-175,-178]} 1. e4 c5 2. Nf3 d6 3. d4 cxd4 4. Nxd4 Nf6 5. Nc3 a6 6. Be3 e5 7. Nb3 Be6 8. f3 h5 9. Qd2 Nbd7 10. O-O-O Rc8 11. Kb1 Be7 12. g3 {B90: Sicilian Najdorf: Unusual White 6th moves, 6 Be3 Ng4 and 6 Be3 e5} b5 13. Nd5 Nxd5 14. exd5 {White is slightly better.} Bf5 15. Bd3 Bxd3 16. Qxd3 Qc7 (16... O-O 17. Rhg1 f5 18. h3 {1-0 (47) Aronian,L (2767)-Vachier Lagrave,M (2779) Saint Louis 2018}) 17. h4 {[#]} g6 $146 ({Predecessor:} 17... Nb6 18. Bxb6 Qxb6 19. Nd2 g6 {½-½ (83) Eid,F (2364)-Darini,P (2530) Doha 2013}) 18. c3 Kf8 19. f4 Kg7 20. Nd2 (20. Rhf1 $11) 20... f5 $1 $15 21. fxe5 Nxe5 22. Bd4 Bf6 23. Qe2 $1 Rhe8 24. Nf3 ({Better is} 24. Nb3 $15) 24... Nxf3 $17 25. Bxf6+ {Black is clearly better.} Kxf6 26. Qxf3 Re4 27. Rhe1 Qe7 28. Qf2 {[#]} Re8 $1 {[%cal Re4e1]} 29. Rg1 {[#]} Re3 $1 {Accuracy: White = 32%, Black = 79%.} 0-1

[Event "18th Delhi GM Open 2020"]
[Site "Delhi"]
[Date "2020.01.10"]
[Round "2.5"]
[White "Gupta, Abhijeet"]
[Black "Neelash Saha"]
[Result "1-0"]
[WhiteElo "2603"]
[BlackElo "2356"]
[Annotator "TA"]
[PlyCount "75"]
[EventDate "2020.01.09"]
[EventType "swiss"]
[EventCountry "IND"]
[SourceTitle "playchess.com"]
[Source "ChessBase"]
[SourceQuality "1"]

{[%evp 13,75,12,3,8,18,16,20,17,4,3,9,7,15,4,37,0,76,84,71,71,59,51,109,107,97,66,78,58,70,64,38,28,58,38,90,-6,-6,-7,26,0,0,0,0,-45,0,0,0,0,0,0,40,59,57,14,129,135,175,171,471,500,476,471,29994,29995]} 1. Nf3 Nf6 2. c4 e6 3. g3 d5 4. Bg2 Be7 5. O-O O-O 6. d4 dxc4 7. Qc2 b5 8. a4 {E05: Open Catalan: 5 Nf3 Be7} b4 9. Nfd2 c6 (9... Nd5 10. Nxc4 c5 11. dxc5 Ba6 12. Ne3 Nd7 13. Nxd5 exd5 14. c6 Rc8 15. Bf4 Nc5 {0-1 (59) Ding,L (2805)-Carlsen,M (2875) Zagreb 2019}) 10. Nxc4 {The position is equal.} Qxd4 11. Rd1 Qc5 12. Be3 Qh5 13. Nbd2 $36 {[%mdl 2048] Black is under pressure.} Ba6 14. Nf3 {[%mdl 1024] White has compensation.} Ng4 {[#]} (14... Nd5 $11) 15. Bd4 $146 ({Predecessor:} 15. h3 Nxe3 16. Nxe3 {1-0 (56) Hilverda,A (2362)-Hammarstrom,U (2214) Stockholm 2018}) 15... Qg6 16. Qb3 Nd7 17. h3 Bxc4 ({Black should try} 17... e5 $1 $14) 18. Qxc4 e5 19. Bxa7 Rxa7 20. hxg4 Nb6 21. Qb3 Ra5 22. Rdc1 Qd6 23. Qe3 c5 (23... Qc7 $14) 24. b3 ({But not} 24. Qxe5 $6 Rxa4 25. Qxd6 Bxd6 $11) (24. Nxe5 $16 {Nc6 is the strong threat.} Rxa4 25. Rxa4 Nxa4 26. Nc4) 24... c4 $1 $11 25. bxc4 Qc7 26. Nd2 (26. c5 $5 Rxc5 27. Rxc5 Bxc5 28. Qe4 $11) 26... Rxa4 27. Rxa4 Nxa4 28. Nb3 Nc5 29. Bd5 Nxb3 30. Qxb3 Qa7 31. Kg2 Qa3 32. Qb1 g6 33. Rc2 b3 (33... Qa7 $11 {remains equal.}) 34. Rc3 $16 Rb8 {[#]} 35. Rf3 $1 {[%cal Rf3f7]} Qa2 $2 {[#]} (35... Kh8) 36. Qe4 $1 $18 {[%mdl 512]} Rf8 37. Qxe5 {Threatening mate with Rxf7.} Bc5 {[#]} (37... Qa7 $18 38. Rxb3 Qc5) 38. Rxf7 $1 {[%mdl 512] Accuracy: White = 69%, Black = 38%.} 1-0

[Event "18th Delhi GM Open 2020"]
[Site "Delhi"]
[Date "2020.01.10"]
[Round "2.6"]
[White "Muthaiah AL"]
[Black "Pantsulaia, Levan"]
[Result "1-0"]
[WhiteElo "2367"]
[BlackElo "2598"]
[Annotator "TA"]
[PlyCount "70"]
[EventDate "2020.01.09"]
[EventType "swiss"]
[EventCountry "IND"]
[SourceTitle "playchess.com"]
[Source "ChessBase"]
[SourceQuality "1"]

{[%evp 22,70,44,44,45,44,64,61,62,72,98,70,73,66,84,71,69,72,80,105,116,123,113,75,83,82,156,168,173,158,217,226,218,171,154,0,147,165,1152,1052,921,900,987,941,986,987,930,933,952,951,850]} 1. Nf3 Nf6 2. c4 c5 3. Nc3 e6 4. g3 b6 5. Bg2 Bb7 6. O-O d6 7. Re1 Be7 8. e4 a6 9. d4 cxd4 10. Nxd4 Qc7 11. Be3 Nbd7 12. Rc1 Rc8 {A30: Symmetrical English: Double Fianchetto and Hedgehog} 13. f4 Qb8 14. Qe2 (14. g4 h5 15. g5 Ng4 16. g6 Rxc4 17. gxf7+ Kxf7 18. Bf1 Nxe3 19. Rxe3 Rxd4 20. Qxd4 b5 21. Rg3 Bf6 22. e5 Bd8 23. Ne4 Bb6 {0-1 (23) Ding,L (2774)-Carlsen,M (2837) Saint Louis 2017}) 14... h5 {White is slightly better.} 15. h3 g6 16. Bf2 O-O 17. f5 $146 ({Predecessor:} 17. Nf3 Rfe8 18. Ng5 Bf8 19. g4 hxg4 20. hxg4 {½-½ (59) Maletin,P (2423)-Amonatov,F (2569) Sochi 2004}) 17... gxf5 18. exf5 e5 19. Nc2 Bxg2 20. Kxg2 Qa8+ 21. Kh2 b5 22. b3 (22. cxb5 $6 axb5 23. Rg1 Kh7 $11) 22... bxc4 23. bxc4 Rb8 (23... Kg7 $142) 24. Ne3 $16 Rfc8 25. Ned5 Bd8 (25... Kf8 $16 {was worth a try.} 26. Red1 Qc6) 26. g4 $1 $18 {[%cal Rg4g5]} hxg4 27. Bh4 {Hoping for Bxf6.} Kf8 {And now ...Nxd5 would win.} 28. Qd2 $2 (28. Bxf6 $1 $16 Nxf6 29. Rg1) 28... g3+ (28... Rxc4 $11 29. Bxf6 (29. Qh6+ Kg8 $11) 29... Nxf6 30. Nxf6 (30. Qh6+ Ke8 $11) 30... Bxf6 31. Qxd6+ {[%mdl 64] Double Attack} Kg8 32. Qxf6 Rb2+ 33. Re2 Rxc3 34. Qg5+ {[%mdl 64] [#] Double Attack} Kf8 $1 {[%mdl 512]} 35. Qh6+ Kg8 $1 {[%mdl 512]} 36. Qg5+ Kf8 $1 {[%mdl 512]} 37. Qh6+ Kg8 $1 {[%mdl 512]} 38. Qg5+) 29. Kxg3 $16 {Black must now prevent Qh6+.} ({Much weaker is} 29. Bxg3 $6 Rxc4 30. Bf2 Ke8 $11) 29... Nxd5 $2 (29... Nh5+ 30. Kf3 Bxh4) 30. Nxd5 {White is clearly winning.} Bxh4+ 31. Kxh4 {Threatening mate with Qh6+.} Ke8 32. Qg5 {[%csl Gd5][%cal Rg5e7]} Rxc4+ 33. Rxc4 {[%csl Gd5][%cal Rg5e7]} Qxd5 34. Rec1 {White threatens Rc8+ and mate.} f6 35. Rc8+ Rxc8 {Accuracy: White = 88%, Black = 44%.} 1-0

[Event "18th Delhi GM Open 2020"]
[Site "Delhi"]
[Date "2020.01.10"]
[Round "2.7"]
[White "Audi Ameya"]
[Black "Aleksandrov, Aleksej"]
[Result "0-1"]
[WhiteElo "2359"]
[BlackElo "2592"]
[Annotator "TA"]
[PlyCount "82"]
[EventDate "2020.01.09"]
[EventType "swiss"]
[EventCountry "IND"]
[SourceTitle "playchess.com"]
[Source "ChessBase"]
[SourceQuality "1"]

{[%evp 12,82,20,15,30,21,14,14,19,16,20,12,12,-88,36,18,16,17,18,22,21,16,19,15,6,0,0,0,0,0,0,0,0,0,0,0,0,-8,0,0,0,0,0,0,11,12,36,15,23,24,19,29,42,39,30,30,125,42,79,81,88,-185,-9,-989,-983,-958,-892,-29992,-29989,-29990,-29991,-29998,-29999]} 1. e4 e5 2. Nf3 Nc6 3. Bc4 Bc5 4. O-O Nf6 5. d3 d6 6. c3 O-O 7. Re1 Bb6 {C54: Giuoco Piano: 4 c3 Nf6, main lines with 5 d4 and 5 d3} 8. a4 (8. Nbd2 Ng4 9. Re2 Kh8 10. h3 f5 11. exf5 Nxf2 12. Rxf2 Bxf2+ 13. Kxf2 Bxf5 14. Nf1 d5 15. Bb3 {1-0 (36) Ding,L (2801)-Aronian,L (2775) London 2019}) 8... a5 9. Na3 Ne7 {The position is equal.} 10. Bb3 c6 11. Bg5 $146 ({Predecessor:} 11. Nc4 Bc7 12. Bg5 Ng6 13. Nh4 Nxh4 14. Bxh4 Be6 15. d4 {1-0 (32) Van Kampen,R (2615)-Dvirnyy,D (2543) Germany 2016}) 11... Ng6 12. Nh4 {[#]} (12. Nc4 $11) 12... Nf4 ({Black should try} 12... Bxf2+ $1 $17 {[%mdl 512]} 13. Kxf2 Nxh4) 13. Bxf4 exf4 14. Nf3 Bg4 15. d4 Nd7 16. Qd3 Re8 17. Rad1 Bc7 18. e5 dxe5 19. dxe5 Re7 20. h3 Bxf3 $1 21. Qxf3 Qe8 22. Qxf4 Nxe5 {Hoping for ...Nf3+!} 23. Kf1 Qf8 24. Kg1 Qe8 {And now ...Nf3+! would win.} 25. Kf1 Qf8 26. Qg5 {White wants to play f4.} Rae8 27. Nc4 Ng6 28. Rxe7 Rxe7 29. g3 Qe8 30. h4 Qc8 31. Kg2 Qe6 32. Rd4 h6 33. Qh5 {Black must now prevent Nd2.} Qf6 (33... Qe2 $11 {remains equal.} 34. Qxe2 Rxe2) 34. Rd3 ({And not} 34. Nxa5 c5 $1 $17 {[%mdl 512]}) (34. Ne3 $1 $16 {[%cal Re3g4] Ng4 is the strong threat.} Nf8 35. Nf5) 34... b5 35. axb5 cxb5 36. Qxb5 $2 {[%mdl 8192] [#]} (36. Ne3 $1 $16 {keeps the pressure on.}) 36... Nxh4+ $2 (36... Bxg3 $1 $19 37. Rxg3 Re1) 37. gxh4 $2 {[%mdl 8192] [#]} (37. Kf1 $11 Nf5 38. Rf3) 37... Qg6+ $1 $19 {[%mdl 64] Double Attack} 38. Rg3 Bxg3 39. fxg3 Re2+ {Black mates.} 40. Kf1 Qe4 {[%csl Ge2][%cal Re4g2]} 41. Qd5 Re1+ {Accuracy: White = 45%, Black = 53%.} 0-1

[Event "18th Delhi GM Open 2020"]
[Site "Delhi"]
[Date "2020.01.10"]
[Round "2.8"]
[White "Goganov, Aleksey"]
[Black "Sahoo, Utkal Ranjan"]
[Result "1/2-1/2"]
[WhiteElo "2583"]
[BlackElo "2348"]
[Annotator "TA"]
[PlyCount "174"]
[EventDate "2020.01.09"]
[EventType "swiss"]
[EventCountry "IND"]
[SourceTitle "playchess.com"]
[Source "ChessBase"]
[SourceQuality "1"]

{[%evp 11,174,19,22,8,27,22,65,44,74,39,44,49,46,39,43,41,45,42,49,48,50,44,55,37,32,37,42,43,46,5,15,6,0,0,10,-55,-46,-52,-46,-54,-55,-60,-58,-50,-58,-52,-51,-91,-68,-79,-67,-77,-73,-70,-48,-42,-35,-32,-32,-37,-7,-7,-7,-24,-25,-69,-69,-63,-50,-49,-42,-69,-69,-72,-70,-70,-69,-69,-69,-70,-70,-70,-69,-69,-69,-70,-69,-69,-65,-64,-24,-24,-8,-8,-8,-8,-8,-8,-8,-8,-8,-8,-8,-8,-8,-8,-8,-8,-8,-8,-8,-8,-8,-8,-8,-8,-8,-8,-8,-8,0,0,0,0,0,-8,0,-8,-8,-8,-8,-8,-8,-8,-8,-8,-8,-8,0,-8,-8,-8,-8,-8,-8,-8,-8,-8,-8,-8,-8,-8,-8,-8,0,-8,0,0,0,-8,-8,-8,-8,-8,-12]} 1. Nf3 d5 2. g3 Nf6 3. Bg2 Bf5 4. O-O e6 5. c4 c6 6. Qb3 Qb6 7. d3 {A11: English Opening: 1...c6} Nbd7 8. cxd5 cxd5 (8... Qxb3 9. axb3 exd5 10. Bd2 Bg4 11. Bc3 Bxf3 12. Bxf3 Bd6 13. b4 O-O 14. Nd2 a6 {1-0 (122) Grischuk,A (2766)-Aronian,L (2767) Saint Louis 2018}) 9. Qxb6 {White is slightly better.} Nxb6 10. Nc3 $146 ({Predecessor:} 10. Be3 Nbd7 11. Rc1 Ng4 12. Bf4 Bc5 13. d4 Bb6 14. Nc3 a6 {½-½ (77) Moehn,H (2389)-Turner,R (2080) Fuerth 2015}) 10... Be7 11. Be3 O-O 12. Nh4 Bg4 13. h3 Bh5 14. g4 Bg6 $1 15. Nxg6 hxg6 16. Rfc1 Rfc8 17. a4 Nbd7 18. Nb5 Rxc1+ 19. Rxc1 a6 20. Na7 Ne8 21. Nc8 Bd8 22. Bf4 Kf8 23. Bg3 (23. e4 $11) 23... Bc7 $1 $15 24. Bxc7 Rxc8 25. Bf4 Rxc1+ 26. Bxc1 {[%mdl 4096] Endgame KBB-KNN} Nc5 27. Bd2 {[#] Bb4 is the strong threat.} Nxa4 28. b3 Nb6 29. Ba5 Nc8 30. Bb4+ Kg8 31. e4 Nc7 32. f4 f6 33. Kf2 Kf7 34. Ke3 dxe4 35. dxe4 e5 36. fxe5 fxe5 37. Bc3 Ke6 38. h4 g5 39. hxg5 g6 40. Bf1 b5 41. Be2 Nd6 42. b4 Nf7 43. Bd1 Nxg5 44. Bb3+ Kd6 45. Be1 Nge6 46. Bc3 Nf4 47. Ba2 Nce6 48. Bb3 Nd8 49. Ba2 Nc6 50. Bf7 g5 (50... Ne7 {keeps more tension.} 51. Kf3 Ne6 52. Bd2 Nd8 53. Ba2 Ne6) 51. Ba2 Ne6 52. Bxe6 {The position is equal.} Kxe6 $11 {KB-KN} 53. Kd3 Nd8 54. Ke3 Nf7 55. Kf3 Nd6 56. Ke3 Nc4+ 57. Kd3 Kf6 58. Be1 Nd6 59. Bc3 Nf7 {[#] Hoping for ...Nh6.} 60. Ke3 Nd8 61. Ke2 Nc6 62. Kd3 Ke6 63. Bd2 Kf7 64. Bc3 Kf6 65. Ke3 Ke7 66. Kd3 Ke6 67. Bd2 Kf6 68. Bc3 Nd8 69. Ke2 Ne6 70. Ke3 Nf4 71. Bd2 Ke6 72. Bc3 Kd6 73. Bd2 Kc6 74. Bc3 Kd6 75. Bd2 Ne6 76. Bc3 Nd8 77. Bd2 Kc6 78. Bc3 Nf7 79. Ke2 Nd6 80. Kd3 Nc4 81. Be1 Kb6 82. Bf2+ Kc6 83. Be1 Nd6 84. Bc3 Nf7 85. Ke3 Nh6 86. Kf3 Kd6 87. Bd2 Nf7 {Accuracy: White = 78%, Black = 74%.} 1/2-1/2

[Event "18th Delhi GM Open 2020"]
[Site "Delhi"]
[Date "2020.01.10"]
[Round "2.9"]
[White "Kaustuv, Kundu"]
[Black "Mchedlishvili, Mikheil"]
[Result "0-1"]
[WhiteElo "2349"]
[BlackElo "2578"]
[Annotator "TA"]
[PlyCount "64"]
[EventDate "2020.01.09"]
[EventType "swiss"]
[EventCountry "IND"]
[SourceTitle "playchess.com"]
[Source "ChessBase"]
[SourceQuality "1"]

{[%evp 9,64,33,32,31,34,38,22,1,0,0,0,0,0,0,0,0,0,-8,3,-34,-29,-13,-14,-23,-26,-76,-51,-71,-43,-26,0,-4,-10,-72,-18,-65,-18,-111,-99,-197,-203,-188,-61,-75,-72,-162,-186,-224,-244,-523,-523,-513,-508,-618,-351,-893,-892]} 1. c4 e5 2. g3 Nc6 3. Bg2 f5 4. Nc3 Nf6 5. e3 e4 6. d3 {[%cal Rd3e4] A25: English Opening vs King's Indian with ...Nc6 but without early d3} Bb4 7. Nge2 {[%cal Rd3e4]} d5 8. cxd5 {The position is equal.} Qxd5 9. d4 $146 ({Predecessor:} 9. dxe4 Qxd1+ 10. Kxd1 O-O 11. f4 fxe4 12. a3 Rd8+ 13. Ke1 Bxc3+ 14. Nxc3 {0-1 (59) Shankland,S (2676)-Sasikiran,K (2669) Matanzas 2017}) 9... O-O 10. O-O Qf7 11. f3 exf3 12. Bxf3 Bd7 13. a3 Bd6 14. Nb5 Rae8 15. Nec3 Na5 {[%cal Bc6a5,Ba5b7,Bb7d8,Bd8f7,Bf7e5][%mdl 32]} 16. Nxd6 cxd6 17. d5 Qg6 18. Be2 b6 19. b4 Nb7 20. Ra2 Nd8 21. Bd3 (21. Nb5 $11) 21... Ng4 ({Black should play} 21... Ne4 $17 22. Rc2 Nf7) 22. Re2 Qh5 23. Qc2 {[#]} (23. Bb5 $11 {remains equal.} Bxb5 24. Nxb5) 23... Nf7 $1 $17 24. e4 (24. Nb5 $17 {might work better.}) 24... Nfe5 $19 25. Bf4 g5 (25... fxe4 $19 26. Bxe4 Rc8) 26. Bxe5 $1 $15 Nxe5 27. exf5 {[#]} (27. Ref2 $17) 27... Nf3+ $1 $19 28. Rxf3 Qxf3 29. Rf2 $2 (29. Be4 {was the only defense.} Bxf5 30. Bxf3 (30. Bxf5 $2 Rxe2 31. Bxh7+ Kg7 $19) 30... Bxc2 {[%mdl 64] Discovered Attack} 31. Nb5) 29... Re1+ {[%cal Be8e1,Be1c1,Bc1c3][%mdl 32]} 30. Bf1 {[#]} Qe3 $1 {( -> ...Bxf5)} 31. Kg2 Rc1 32. Qe4 $2 (32. Nd1 Rxc2 33. Nxe3 Rxf2+ 34. Kxf2) 32... Rxc3 {Accuracy: White = 30%, Black = 53%.} 0-1

[Event "18th Delhi GM Open 2020"]
[Site "Delhi"]
[Date "2020.01.10"]
[Round "2.10"]
[White "Rozum, Ivan"]
[Black "Bharat Kumar Reddy Poluri"]
[Result "1-0"]
[WhiteElo "2573"]
[BlackElo "2306"]
[Annotator "TA"]
[PlyCount "55"]
[EventDate "2020.01.09"]
[EventType "swiss"]
[EventCountry "IND"]
[SourceTitle "playchess.com"]
[Source "ChessBase"]
[SourceQuality "1"]

{[%evp 16,55,4,-22,18,26,27,15,45,46,55,49,61,51,127,130,133,132,206,214,212,218,201,233,222,214,245,186,157,120,309,137,356,360,386,372,594,561,1220,1195,5197,5197]} 1. d4 e6 2. c4 Nf6 3. Nc3 Bb4 4. e3 O-O 5. Nf3 b6 6. Bd3 Bb7 7. O-O d5 8. cxd5 exd5 9. Bd2 Re8 {E52: Nimzo-Indian: Rubinstein: 4...0-0 5 Nf3 d5 6 Bd3 b6} 10. Rc1 a6 (10... Bf8 11. Ne5 c5 12. f4 Nc6 13. Nxd5 Qxd5 14. Bc4 Qxg2+ 15. Kxg2 Nxe5+ 16. Kg1 Nxc4 17. Rxc4 {0-1 (142) Bluebaum,M (2644)-Karjakin,S (2754) Moscow 2019}) 11. Ne5 Bd6 {The position is equal.} 12. f4 c5 13. Be1 cxd4 14. exd4 Nc6 {[#]} ({Black should play} 14... Nbd7 $14) 15. Bh4 $146 ({Predecessor:} 15. Ne2 Ne7 {0-1 (36) Gupta,A (2581)-Meskovs,N (2557) chess.com INT 2019}) 15... Nxd4 {[#]} 16. Bxh7+ $1 {[%mdl 576] Pin, Discovered Attack} Kf8 (16... Kxh7 $16 17. Nxf7 Qe7 18. Nxd6 Qxd6) (16... Nxh7 17. Bxd8) 17. Bxf6 $18 ({But not} 17. Qxd4 $2 Bc5 $19) 17... gxf6 18. Qh5 {[%csl Ge5][%cal Rh5f7]} Rxe5 19. fxe5 Bxe5 20. Bg6 $40 {[%mdl 128] White wants a kill.} Ne6 21. Bf5 {aiming for Bxe6.} Qd6 22. Rcd1 {Ne4! is the strong threat.} b5 $2 {[#]} (22... Ke7 $16) 23. Kh1 (23. Ne4 $1 $18 {[%mdl 512] and the rest is easy.} Qb6+ (23... dxe4 24. Rxd6) 24. Kh1) 23... Nf4 $2 (23... d4 $16 {is a better defense.} 24. Be4 Qc7) 24. Qh6+ Ke7 {[#]} 25. Ne4 $1 {[%mdl 512]} Qc7 {[#]} (25... Qc6 {was called for.} 26. Ng3 Ne6) (25... dxe4 26. Rxd6) 26. Nxf6 $1 {[%mdl 512] White is clearly winning.} Qd6 (26... Bxf6 27. Rde1+) 27. Rde1 d4 28. Qxf4 {Accuracy: White = 77%, Black = 21%.} 1-0

[Event "18th Delhi GM Open 2020"]
[Site "Delhi"]
[Date "2020.01.10"]
[Round "2.11"]
[White "Rathnakaran, K.."]
[Black "Bogdanovich, Stanislav"]
[Result "0-1"]
[WhiteElo "2329"]
[BlackElo "2562"]
[Annotator "TA"]
[PlyCount "46"]
[EventDate "2020.01.09"]
[EventType "swiss"]
[EventCountry "IND"]
[SourceTitle "playchess.com"]
[Source "ChessBase"]
[SourceQuality "1"]

{[%evp 9,46,27,40,18,38,22,16,-30,-18,-45,-45,-48,-47,-29,-22,-68,-54,-70,-80,-82,-83,-81,-50,-58,-57,-143,-157,-173,-169,-290,-296,-301,-304,-314,-283,-743,-679,-897,-847]} 1. e4 g6 2. d4 Bg7 3. Nc3 d6 4. Be3 a6 5. a4 Nf6 6. Be2 {B06: Modern Defence} (6. Nf3 O-O 7. h3 b6 8. Bd3 Bb7 9. O-O Nc6 10. Qd2 Nb4 11. Bh6 c5 12. d5 Rc8 13. Bxg7 Kxg7 14. Bc4 Rb8 15. Rfe1 Nd7 16. Ne2 a5 17. c3 Na6 {0-1 (41) Ni,H (2671)-Malakhov,V (2686) Riadh 2017}) 6... Nc6 7. h4 e5 8. d5 {The position is equal.} Nd4 $1 9. Bxd4 $146 ({Predecessor:} 9. Bd3 c6 10. Nge2 Ng4 11. Bd2 {0-1 (36) Jusic,Z (2382)-Sulava,N (2549) Pula 2000}) 9... exd4 10. Qxd4 O-O 11. Qd3 c6 12. h5 cxd5 13. hxg6 hxg6 14. Nxd5 Nxd5 15. Qxd5 Qb6 16. Nf3 Qxb2 17. Rd1 (17. O-O $15) 17... Qxc2 $17 18. Qxd6 Qxe4 19. Kf1 (19. Rh4 {was the only chance.} Bg4 20. Kf1) 19... Re8 $19 20. Re1 Qxa4 21. Ng5 {White hopes to continue with Nxf7.} Be6 22. Kg1 $2 {[#]} (22. Nxe6 Rxe6 23. Qd1) 22... Bc4 23. Qf4 Rxe2 {Accuracy: White = 25%, Black = 97%.} 0-1